|
|
|
|
| LEADER |
01775nam a2200409 i 4500 |
| 001 |
EBC6383602 |
| 003 |
MiAaPQ |
| 005 |
20210418033808.0 |
| 006 |
m o d | |
| 007 |
cr cnu|||||||| |
| 008 |
210418s2021 njua o 001 0 eng d |
| 020 |
|
|
|z 9781119717089
|q (print)
|
| 020 |
|
|
|z 9781119717119
|q (electronic)
|
| 020 |
|
|
|z 9781119718055
|q (electronic bk.)
|
| 035 |
|
|
|a (MiAaPQ)EBC6383602
|
| 035 |
|
|
|a (Au-PeEL)EBL6383602
|
| 035 |
|
|
|a (OCoLC)1204142936
|
| 040 |
|
|
|a MiAaPQ
|b eng
|e rda
|e pn
|c MiAaPQ
|d MiAaPQ
|
| 050 |
|
4 |
|a HG4521
|b .S385 2021
|
| 082 |
0 |
|
|a 332.678
|2 23
|
| 100 |
1 |
|
|a Schultheis, Bill,
|e author.
|
| 245 |
1 |
4 |
|a The coffeehouse investor's ground rules :
|b save, invest, and plan for a life of wealth and happiness /
|c Bill Schultheis.
|
| 264 |
|
1 |
|a Hoboken, New Jersey :
|b John Wiley & Sons, Incorporated,
|c [2021]
|
| 264 |
|
4 |
|c 2021
|
| 300 |
|
|
|a 1 online resource (160 pages) :
|b illustrations
|
| 336 |
|
|
|a text
|b txt
|2 rdacontent
|
| 337 |
|
|
|a computer
|b c
|2 rdamedia
|
| 338 |
|
|
|a online resource
|b cr
|2 rdacarrier
|
| 500 |
|
|
|a Includes index.
|
| 588 |
|
|
|a Description based on print version record.
|
| 590 |
|
|
|a Electronic reproduction. Ann Arbor, MI : ProQuest, 2018. Available via World Wide Web. Access may be limited to ProQuest affiliated libraries.
|
| 650 |
|
0 |
|a Investments.
|
| 650 |
|
0 |
|a Portfolio management.
|
| 655 |
|
4 |
|a Electronic books.
|
| 776 |
0 |
8 |
|i Print version:
|a Schultheis, Bill.
|t Coffeehouse investor's ground rules : save, invest, and plan for a life of wealth and happiness.
|d Hoboken, New Jersey : John Wiley & Sons, Incorporated, c2021
|h 160 pages
|z 9781119717089
|w (DLC) 2020046369
|
| 797 |
2 |
|
|a ProQuest (Firm)
|
| 856 |
4 |
0 |
|u https://ebookcentral.proquest.com/lib/matrademy/detail.action?docID=6383602
|z Click to View
|